Statistiques concernant Villes de GTA San Andreas

Cliquez ici pour prendre le quiz!

Statistiques générales

  • Ce quiz a été pris 224 fois
  • Le résultat moyen est 3 sur 10

Statistiques - réponses

Réponse% Correct
Los Santos
97%
Las Venturas
64%
San Fierro
61%
Angel Pine
14%
Montgomery
11%
Palomino Creek
9%
Blueberry
8%
Dillimore
8%
Fort Carson
5%
Bayside Marine
1%

Distribution des résultats

Percentile par nombre de réponses

% des personnes avec chaque résultat

Votre développement - résultats

Vous n’avez pas pris ce quiz